000 00431nam a22001457a 4500
003 OSt
082 _a631.1
_bRAT/DE
088 _a T 527
100 _aRathinavel , s
_95137
245 _aDesign Analysis of Suitable Cutter Header Assembly for Pokkali Paddy Harvester
260 _aKCAET , Tavanur
_bDepartment of Farm machinery and power engineering
_c2021
300 _a128 pages
700 _aSindhu bhaskar (guide)
942 _cTH
999 _c17484
_d17484